2-Word '90s Movies Quiz Stats

 Plays Quiz Updated Oct 9, 2016

Also try: 2-Word '00s Movies
Challenge
Share
Tweet
Score 0/24 Timer 02:00
1 Play Today
% Correct
Edward
98.6%
Independence
98%
American
97.5%
Schindler's
97.5%
Batman
97%
Home
96.2%
Mortal
95.7%
Pretty
95.5%
Jerry
95.4%
Total
95%
Notting
93.3%
Boogie
93%
% Correct
Big
90.8%
Billy
90.6%
L.A.
90.6%
Twelve
90.1%
Malcolm
89.8%
Starship
88.1%
Jackie
86.4%
True
85.1%
Heavenly
78.3%
Miller's
75.6%
Happy
75.5%
Chungking
65%

You're not logged in!

Compare scores with friends on all Sporcle quizzes.
Join for Free
OR
Log In

You Might Also Like...

Show Comments

Extras

Top Quizzes Today


Score Distribution

Your Account Isn't Verified!

In order to create a playlist on Sporcle, you need to verify the email address you used during registration. Go to your Sporcle Settings to finish the process.

Report this User

Report this user for behavior that violates our Community Guidelines.

Details: